000 00575nam a2200193Ia 4500
005 20250326143238.0
008 250326s9999 xx 000 0 und d
020 _a81-261-1563-7
037 _aTextbook
040 _aFMSL
_beng
_cFMSL
041 _aeng
_2eng
084 _aX62:8 P3
_qFMSL
100 _aKhan M Basheer
_9747693
245 0 _aEfficiency and effectiveness of bank management in liberalised environment
_cKhan M Basheer
260 _aNew Delhi
_bNew Delhi, Anmol
_c2003
300 _a210p
942 _cTB
_hX62:8 P3
999 _c1298757
_d1298757